000 00621nam a22001937a 4500
005 20251108164931.0
008 250721s9999 xx 000 0 ara d
082 1 4 _a652.3/أمي
100 1 _aفهمي، أمين
245 1 0 _aالطابعة الكمبيوترية :
_bالإصلاح و الصيانة /
264 1 _aبيروت :
_bدار الراتب الجامعية،
_c[19-].
300 _a199ص
490 0 _aالورشة الفنية الأليكترونية ؛ 3
650 1 7 _aالطباعة
650 1 7 _aالآلات الكاتبة
650 1 7 _aالحواسيب
942 _2ddc
_cBK
999 _c17816
_d17816